Premiere conference sur le multilinguisme en Europe (Record no. 92697)
[ view plain ]
| 000 -LEADER | |
|---|---|
| campo de control de longitud fija | 00772nam a2200193 i 4500 |
| 001 - NÚMERO DE CONTROL | |
| campo de control | 92697 |
| 003 - IDENTIFICADOR DE NÚMERO DE CONTROL | |
| campo de control | ES-MaACL |
| 005 - FECHA Y HORA DE LA ÚLTIMA TRANSACCIÓN | |
| campo de control | 20230906181033.0 |
| 007 - CAMPO FIJO DE DESCRIPCIÓN FÍSICA--INFORMACIÓN GENERAL | |
| campo de control de longitud fija | t| |
| 008 - DATOS DE LONGITUD FIJA--INFORMACIÓN GENERAL | |
| campo de control de longitud fija | 050418s1986 sp |||| | spa d |
| 080 ## - NÚMERO DE LA CLASIFICACIÓN DECIMAL UNIVERSAL | |
| Número de la Clasificación Decimal Universal | 81'246.3(4) |
| 111 2# - ENTRADA PRINCIPAL--NOMBRE DE CONGRESO/REUNIÓN | |
| Nombre de congreso/reunión o jurisdicción como elemento de entrada | Conference sur le multilinguisme en Europe: interpretation-communication ( |
| Número del congreso/reunión o número de parte o sección | 1º. |
| Fecha del congreso o de la firma del tratado | 1986. |
| Sede del congreso/Lugar de la reunión | Madrid) |
| 9 (RLIN) | 189 |
| 245 10 - MENCIÓN DEL TÍTULO | |
| Título | Premiere conference sur le multilinguisme en Europe |
| Resto del título | : interpretation-communication / |
| Mención de responsabilidad, etc. | patronée par le président du Parlament Européen ..., Comunidad de Madrid, Consejería de Cultura. |
| 260 ## - PUBLICACIÓN, DISTRIBUCIÓN, ETC. | |
| Lugar de publicación, distribución, etc. | [S.l. : |
| Nombre del editor, distribuidor, etc. | s.n., |
| Fecha de publicación, distribución, etc. | 1986] |
| 300 ## - DESCRIPCIÓN FÍSICA | |
| Extensión | 169 p. ; |
| Dimensiones | 21 cm. |
| 650 14 - PUNTO DE ACCESO ADICIONAL DE MATERIA--TÉRMINO DE MATERIA | |
| Término de materia o nombre geográfico como elemento de entrada | Multilingüismo. |
| 9 (RLIN) | 170754 |
| 710 1# - ENTRADA AGREGADA--NOMBRE DE ENTIDAD CORPORATIVA | |
| Nombre de entidad corporativa o nombre de jurisdicción como elemento de entrada | Madrid (Comunidad Autónoma). |
| Unidad subordinada | Consejería de Cultura. |
| 9 (RLIN) | 5594 |
| 852 ## - LOCALIZACIÓN | |
| Ubicación | ES-MaACL |
| Número de control de estantería | E-11006 |
| Estatus retirado | Estado de pérdida | Estado de daño | No para préstamo | Biblioteca de origen | Biblioteca actual | Ubicación en estantería | Fecha de adquisición | Fuente de adquisición | Total de préstamos | Signatura topográfica completa | Código de barras | Visto por última vez | Precio de reemplazo | Tipo de ítem Koha |
|---|---|---|---|---|---|---|---|---|---|---|---|---|---|---|
| Biblioteca del Ateneo de Madrid | Biblioteca del Ateneo de Madrid | Depósito 2 | 17/01/2008 | E-11006 | 1096771 | 23/02/2023 | 23/02/2023 | Libro impreso |
